载入...

Literary and library prizes

书目详细资料
主要作者: Weber, Olga S
格式: Printed Book
语言:English
出版: New York R R Bowker 1967
主题:
LEADER 00782nam a2200253 a 4500
001 adlib96000001
003 ViArRB
005 20151026130816.0
008 960221s1955 dcuabcdjdbkoqu001 0deng d
020
022
040 |a Adlib 
082 |a 820(079.2) 
245 |a Literary and library prizes 
250
260 |a New York  |b R R Bowker  |c 1967 
300 |a vi, 340p. 
500 |a   
100 |a Weber, Olga S 
700
942 |c BK  |6 _ 
653 |a Short Stories - English Literature  |a Age of Anxiety  |a Black Sunday  |a English Literature - Fiction  |a FE  |a f-e  |a Fiction - English Literature  |a literary prizes  |a Library Prizes 
999 |c 13708  |d 13708 
952 |0 0  |1 0  |4 0  |6 8200792_WEBR  |7 0  |9 25215  |a UL  |b UL  |d 2010-06-16  |o 820(079.2) WEB R  |p G0000932  |r 2010-06-16  |w 2010-06-16  |y BK